Catálogo Biblioteca Central

Using negotiation to promote legitimacy (Registro nro. 161360)

Detalles MARC
000 -CABECERA
campo de control de longitud fija 00679naa a2200205 4500
001 - NÚMERO DE CONTROL
campo de control 161360
003 - IDENTIFICADOR DEL NÚMERO DE CONTROL
campo de control ES-MaBCM
005 - FECHA Y HORA DE LA ÚLTIMA TRANSACCIÓN
campo de control 20241016190458.0
008 - CÓDIGOS DE INFORMACIÓN DE LONGITUD FIJA
campo de control de longitud fija 081009s2008 gbr|r0p 0 ||eng d
021 ## -
-- xx
035 ## - NÚMERO DE CONTROL DEL SISTEMA
Número de control de sistema (OCoLC)1365224294
040 ## - FUENTE DE LA CATALOGACIÓN
Centro transcriptor ES-MaBCM
100 1# - PUNTO DE ACCESO PRINCIPAL - NOMBRE DE PERSONA
Nombre de persona Albin, Cecilia
9 (RLIN) 84762
245 00 - MENCIÓN DE TÍTULO
Título Using negotiation to promote legitimacy
Resto del título : an assessment of proposals for reforming the WTO
Mención de responsabilidad etc. Cecilia Albin
520 3# - SUMARIO, ETC.
Sumario etc. Contiene bibliografía
610 ## - PUNTO DE ACCESO ADICIONAL DE MATERIA--NOMBRE DE ENTIDAD CORPORATIVA
Nombre de entidad corporativa o nombre de jurisdicción como elemento inicial Organización Mundial del Comercio
9 (RLIN) 52685
650 #0 - PUNTO DE ACCESO ADICIONAL DE MATERIA--TÉRMINO DE MATERIA
Término de materia o nombre geográfico como elemento inicial Crisis sanitaria
9 (RLIN) 127584
773 0# - ENLACE AL DOCUMENTO FUENTE
Encabezamiento principal En:
Título International affairs
Lugar editor y fecha de publicación Cambridge
Número de control del registro relacionado 104599
Parte(s) relacionada(s) Vol. 84, no. 4 (July 2008), p. 757-775
942 ## - ELEMENTOS DE PUNTO DE ACCESO ADICIONAL (KOHA)
Tipo de ítem Koha Artículos de revistas
Existencias
Estado de retiro Estado de pérdida Estado dañado No para préstamo Localización permanente Ubicación/localización actual Fecha de adquisición Precio válido a partir de Tipo de ítem Koha
        Biblioteca Central del Ministerio de la Presidencia Biblioteca Central del Ministerio de la Presidencia 21/04/2012 21/04/2012 Artículos de revistas